English Clubs That Have Won the UEFA Champions League - Statistics

General Stats
  • This quiz has been taken 327 times
    281 since last reset
  • The average score is 6 of 6
Answer Stats
Years Club % Correct
2023 Manchester City
100%
1968, 1999, 2008 Manchester United
100%
2012, 2021 Chelsea
99%
1977, 1978, 1981, 1984, 2005, 2019 Liverpool
99%
1979, 1980 Nottingham Forest
94%
1982 Aston Villa
92%
No matching quizzes found
Score Distribution
Percent of People with Each Score
Percentile by Number Answered
Your Score History
You have not taken this quiz since the last reset